书目信息 |
| 题名: |
弹性填料富氧曝气生物预处理技术
|
|
| 作者: | 肖羽堂 著 | |
| 分册: | ||
| 出版信息: | 北京 中国建筑工业出版社 2007.05 |
|
| 页数: | 240页 | |
| 开本: | 23cm | |
| 丛书名: | 环境工程专项技术与应用系列丛书 | |
| 单 册: | ||
| 中图分类: | TU991.27 | |
| 科图分类: | ||
| 主题词: | 水预处理--shui yu chu li--生物处理 | |
| 电子资源: | ||
| ISBN: | 978-7-112-09161-4 | |
| 000 | 01020nam 2200253 450 | |
| 001 | 012007452306 | |
| 005 | 20191108151637.45 | |
| 010 | @a978-7-112-09161-4@dCNY32.00 | |
| 100 | @a20070803d2007 km y0chiy0120 ea | |
| 101 | 0 | @achi |
| 102 | @aCN@b110000 | |
| 105 | @aa a 000yy | |
| 200 | 1 | @a弹性填料富氧曝气生物预处理技术@Adan xing tian liao fu yang bao qi sheng wu yu chu li ji shu@f肖羽堂著@Fxiao yu tang zhu |
| 210 | @a北京@c中国建筑工业出版社@d2007.05 | |
| 215 | @a240页@c图@d23cm | |
| 225 | 2 | @a环境工程专项技术与应用系列丛书@Ahuan jing gong cheng zhuan xiang ji shu yu ying yong xi lie cong shu |
| 320 | @a有书目 (第232-240页)。 | |
| 330 | @a本书共分12章,主要包括饮用水源污染与健康及污染原水净水技术、污染原水生物预处理技术介绍、污染原水生物接触氧化预处理技术、弹性填料微孔曝气等。 | |
| 410 | 0 | @12001 @a环境工程专项技术与应用系列丛书 |
| 606 | 0 | @a水预处理@Ashui yu chu li@x生物处理 |
| 690 | @aTU991.27@v4 | |
| 701 | 0 | @a肖羽堂@Axiao yu tang@4著 |
| 801 | 0 | @aCN@c20071008 |
| 905 | @dTU991.27@eX296 | |
| 弹性填料富氧曝气生物预处理技术/肖羽堂著.-北京:中国建筑工业出版社,2007.05 |
| 240页:图;23cm.-(环境工程专项技术与应用系列丛书) |
| ISBN 978-7-112-09161-4:CNY32.00 |
| 本书共分12章,主要包括饮用水源污染与健康及污染原水净水技术、污染原水生物预处理技术介绍、污染原水生物接触氧化预处理技术、弹性填料微孔曝气等。 |
| ● |
| 相关链接 |
|
|
|
正题名:弹性填料富氧曝气生物预处理技术
索取号:TU991.27/X296
 
预约/预借
| 序号 | 登录号 | 条形码 | 馆藏地/架位号 | 状态 | 备注 |
| 1 | 1308062 | 213080627 | 建筑库201/201建筑库 133排2列1层/ [索取号:TU991.27/X296] | 在馆 | |
| 2 | 1308063 | 213080636 | 建筑库201/201建筑库 133排2列1层/ [索取号:TU991.27/X296] | 在馆 | |
| 3 | 1308064 | 213080645 | 建筑库201/201建筑库 133排2列1层/ [索取号:TU991.27/X296] | 在馆 | |
| 4 | 1308065 | 213080654 | 建筑库201/201建筑库 133排2列1层/ [索取号:TU991.27/X296] | 在馆 | |
| 5 | 1308066 | 213080663 | 建筑库201/201建筑库 133排2列1层/ [索取号:TU991.27/X296] | 在馆 | |
| 6 | 1308067 | 213080672 | 建筑库201/201建筑库 133排2列1层/ [索取号:TU991.27/X296] | 在馆 | |
| 7 | 250528 | 202505280 | 建筑库201/201建筑库 133排2列1层/ [索取号:TU991.27/X296] | 在馆 | |
| 8 | 250529 | 202505299 | 建筑库201/201建筑库 133排2列1层/ [索取号:TU991.27/X296] | 在馆 | |
| 9 | 250530 | 202505306 | 建筑库201/201建筑库 133排2列1层/ [索取号:TU991.27/X296] | 在馆 |